|
|
|
|
| LEADER |
00000nam a2200000 a 4500 |
| 001 |
vtls009289275 |
| 003 |
SK-MaSNL |
| 005 |
20260301081615.0 |
| 008 |
240314s2008 xo a g 000 0 slo |
| 015 |
|
|
|a SNBA2008/10-04631
|
| 020 |
|
|
|a 9788080854584
|q (viaz.)
|
| 035 |
|
|
|a urn:nbn:sk:snk-am00cuco
|
| 035 |
|
|
|a urn:nbn:sk:snk-am3hpb1
|
| 035 |
|
|
|a EC80AC4E-A6E6-4499-A94E-7FEBEC42FAF0
|
| 040 |
|
|
|a SNK
|b slo
|c SNK
|e AACR2
|
| 041 |
1 |
|
|a slo
|h eng
|
| 044 |
|
|
|a xo
|c SK
|
| 072 |
|
7 |
|a 17
|x Etika. Morálna filozofia
|2 konspekt
|
| 080 |
|
|
|a 17.02
|2 2001
|
| 080 |
|
|
|a 111.85
|2 2001
|
| 080 |
|
|
|a (0:82-84)
|2 2001
|
| 100 |
1 |
|
|a Exley, Helen
|4 aut
|9 317615
|
| 240 |
1 |
0 |
|a Words on beauty
|l Slovensky
|
| 245 |
1 |
0 |
|a O kráse
|c Helen Exley ; [z anglického originálu preložila Viera Prokešová]
|
| 250 |
|
|
|a 1. vyd.
|
| 260 |
|
|
|a Bratislava
|b Slovart
|c 2008
|
| 300 |
|
|
|a [73] s.
|b fareb. ilustr.
|c 11 cm
|
| 490 |
1 |
|
|a Darčekové knižky Helen Exleyovej
|
| 650 |
0 |
7 |
|a životná múdrosť
|2 SNKPH
|9 4008
|
| 650 |
0 |
7 |
|a krása
|2 SNKPH
|9 30889
|
| 655 |
|
7 |
|a citáty
|2 SNKPH
|9 70419
|
| 700 |
1 |
|
|a Prokešová, Viera,
|d 1957-2008
|4 trl
|9 98786
|
| 830 |
|
0 |
|a Darčekové knižky Helen Exleyovej
|9 405160
|
| 919 |
|
|
|a 978-80-8085-458-4
|
| 958 |
|
|
|a UP
|
| 958 |
|
|
|a LX
|
| 968 |
|
|
|b ENG
|d 821
|
| 999 |
|
|
|c 656339
|d 658269
|
| 952 |
|
|
|a SNK
|b SNK
|y PREZ
|7 0
|p 17A0587707
|o snkSE 11635
|i snk2008/12123
|8 0
|0 0
|1 0
|4 0
|d 2008-06-10
|f 1
|l 0
|r 2026-02-23 18:37:26
|w 2026-02-23
|
| 952 |
|
|
|a SNK
|b SNK
|y VYP
|7 0
|p 17A0587706
|o snkSE 11635 D1
|i snk2008/12124
|8 0
|0 0
|1 0
|4 0
|d 2008-06-10
|l 0
|r 2026-02-23 18:37:26
|w 2026-02-23
|